000 01492nam a2200433 i 4500
001 7944
003 KOSZ 005
005 20221125102701.0
008 190812s1969 pl a g 001 0 pol
015 _aPB 1969/3210
035 _a991037010279705066
035 _a(PL-WaBN)b19931451-48omnis_nlop
035 _ab19931451
035 _a(OCoLC)838969491
035 _a(PL)b0000001993145
035 _a(EXLNZ-48OMNIS_NETWORK)9910226526605606
040 _aWA N
_cWA N
_dKOSZ 005/RW
041 0 _apol
_brus
_beng
046 _k1955
080 _a65.01:007
100 1 _aKotarbiński, Tadeusz
_d(1886-1981)
_eAutor
245 1 0 _aTraktat o dobrej robocie /
_cTadeusz Kotarbiński.
250 _aWydanie 4.
260 _aWrocław :
_bZakład Narodowy im. Ossolińskich,
_c1969.
300 _a538, [1] stron, [1] karta tablic :
_bilustracje ;
_c21 cm.
336 _aTekst
_btxt
_2rdacontent
337 _aBez urządzenia pośredniczącego
_bn
_2rdamedia
338 _aWolumin
_bnc
_2rdacarrier
380 _aKsiążki
388 _a1901-2000
504 _aBibliografia na stronach [492]-504. Indeks.
546 _aStreszczenie w języku angielskim, rosyjskim.
658 _aZarządzanie i marketing
650 7 _aPrakseologia
_2DBN
710 2 _aZakład Narodowy im. Ossolińskich
_bWydawnictwo
_4pbl
856 _uhttp://koha.tu.koszalin.pl/cgi-bin/koha/opac-detail.pl?biblionumber=7944
_yKatalog online BPK
942 _2UKD
_cKS
999 _c7944
_d7944